| 000 | 00888cam a22002891 4500 | ||
|---|---|---|---|
| 001 | sa 68010902 | ||
| 003 | DLC | ||
| 005 | 20260227112556.0 | ||
| 008 | 891114s1966 ii 000 0 tamo | ||
| 010 | _asa 68010902 | ||
| 035 | _a(OCoLC)20646707 | ||
| 040 |
_aDLC _cWaU _dDLC |
||
| 043 | _aa-ii--- | ||
| 050 | 0 | 0 |
_aPL4758.2 _b.T357 1966 |
| 100 | 0 |
_aTaṇṭi, _dactive 12th century. |
|
| 245 | 1 | 0 | _aTaṇṭiyāciriyar iyar̲r̲iya Taṇṭiyalaṅkāram. |
| 260 | _c1966. | ||
| 300 |
_a32, 287 p. _c19 cm. |
||
| 546 | _aIn Tamil. | ||
| 500 | _aBased on Dandin's Kāvyādarśa. | ||
| 650 | 0 |
_aTamil poetry _yTo 1500 _xHistory and criticism. |
|
| 650 | 0 |
_aPoetics _vEarly works to 1800. |
|
| 700 | 0 | _aCuppiramaṇiya Tēcikar. | |
| 700 | 1 | _aIrāmaliṇ̇kat Tampirān̲, K. | |
| 700 | 0 |
_aDaṇḍin, _dactive 7th century. _tKāvyādarśa. |
|
| 740 | 0 | _aTaṇṭiyalaṅkāram. | |
| 999 |
_c83620 _d83620 |
||